书目信息 |
| 题名: |
盐铁论简注
|
|
| 作者: | 马非百 注释 | |
| 分册: | ||
| 出版信息: | 北京 中华书局 1985 |
|
| 页数: | 430页 | |
| 开本: | 21cm | |
| 丛书名: | ||
| 单 册: | ||
| 中图分类: | F092.2 | |
| 科图分类: | ||
| 主题词: | 财政--中国--西汉时代 , 经济思想史 | |
| 电子资源: | ||
| ISBN: | ||
| 000 | 00675nam0 2200265 45 | |
| 001 | 0185003469 | |
| 005 | 20040425093433.5 | |
| 010 | @dCNY1.55 | |
| 091 | @a2018.223 | |
| 100 | @a19950602d1985 em y0chiy0121 ea | |
| 101 | 0 | @achi |
| 102 | @aCN@b110000 | |
| 105 | @ay z 000yy | |
| 106 | @ar | |
| 200 | 10 | @a盐铁论简注@Ayan tie lun jian zhu@f马非百注释 |
| 210 | @a北京@c中华书局@d1985 | |
| 215 | @a430页@d21cm | |
| 605 | @a盐铁论@x注释 | |
| 606 | @a财政@y中国@z西汉时代 | |
| 606 | 0 | @a经济思想史 |
| 690 | @aF092.2 | |
| 701 | 0 | @a马非百@Ama fei bai@4注释 |
| 801 | 0 | @aCN@b上海图书馆@c20040425 |
| 801 | 2 | @aCN@bNLC@c20040425 |
| 905 | @f2@b212807-808@dF092.2@e18 | |
| 盐铁论简注/马非百注释.-北京:中华书局,1985 |
| 430页;21cm |
| ISBN :CNY1.55 |
| ● |
| 相关链接 |
|
|
|
|
正题名:盐铁论简注
索取号:F092.2/18
 
预约/预借
| 序号 | 登录号 | 条形码 | 馆藏地/架位号 | 状态 | 备注 |
| 1 | 0212807 | 000195023 | 第一借阅区/ [索取号:F092.2/18] | 在馆 | |
| 2 | 0212808 | 000194989 | 第一借阅区/ [索取号:F092.2/18] | 在馆 | |
| 3 | 0212809 | 000194943 | 第一样本阅览室/ [索取号:F092.2/18] | 在馆 |